| 000 | 01366nam0a22002891 4500 | ||
|---|---|---|---|
| 001 | rc\1335349 | ||
| 005 | 20260406110532.0 | ||
| 035 | _a(NLR Aleph) 005287574 | ||
| 090 |
_a6158458 _c6158458 |
||
| 100 | _a20060512d1854 |||y0rusy50 ca | ||
| 101 | 0 | _arus | |
| 102 | _aRU | ||
| 105 | _ay z ||||| | ||
| 200 | 1 |
_aВоспоминания о Я.К. Амфитеатрове, бывшем профессоре Киевской духовной академии _fВ.А. |
|
| 210 |
_aКиев _cтип. Губ. правл. _d1854 |
||
| 215 |
_a24 с. _d18 |
||
| 300 | _aАвт. установлен по изд.: Масанов И.Ф. Словарь псевдонимов... М., 1956, Т. 1. С. 182 | ||
| 532 | 1 | 0 | _aВоспоминания о Якове Космиче Амфитеатрове, бывшем профессоре Киевской духовной академии |
| 700 | 1 |
_8rus _7ca _aАскоченский _bВ. И. _f1813-1879 _gВиктор Ипатьевич _3RU\NLR\AUTH\77109841 _992766 |
|
| 702 | 1 |
_4570 _8rus _7ca _aАмфитеатров _bЯ. К. _f1802-1848 _gЯков Кузьмич _3RU\NLR\AUTH\7747962 _930897 |
|
| 801 | 0 |
_aRU _bNLR _c20060512 _gpsbo |
|
| 801 | 0 |
_aRU _bRuMoRGB _c20060512 _2psbo |
|
| 801 | 1 |
_aRU _bProSoft-M _c20060512 _2rusmarc |
|
| 801 | 2 |
_aRU _bNLR _c20130207 _2rusmarc |
|
| 852 |
_aNLR _j18.109.7.237 |
||
| 942 | _cBOOK | ||
| 980 | _aNB | ||